000 00732nam a22002297a 4500
003 OSt
005 20160302093521.0
008 160302b xxu||||| |||| 00| 0 eng d
020 _a0201513676
020 _a9780201513677
040 _aSEKU
050 _aHB 172.5
_b.C63
100 _aCohen, Avi Jonathan
245 _aParkin/Bade Microeconomics :
_b Canada in the global environment. Study guide
_cAvi Jonathan Cohen; Harvey B King; David E Spencer.
260 _aDon Mills, Ont. :
_b Addison-Wesley,
_c1991.
300 _aviii, 434 p. :
_b ill. ;
_c28 cm
650 _a Microeconomics -- Problems, exercises,
650 _aMicroeconomics.
700 _aKing, Harvey B
700 _aSpencer, David E
942 _2lcc
_cGEN
999 _c11752
_d11752